Lý thuyết mạch điện tử và tự động thiết kế mạch bằng máy tính /

Tài liệu đưa ra một số phương pháp mới được sử dụng trong quá trình thiết kế mạch điện tử mà tập trung chủ yếu vào các mạch tích cực có chứa các đèn bán dẫn lưỡng cực, đèn bán dẫn trường, khuếch đại thuật toán...

Enregistré dans:
Détails bibliographiques
Auteur principal: Dương Tử Cường, PTS.
Autres auteurs: Đỗ Huy Giác, PGS-PTS.
Format: Livre
Langue:Vietnamese
Publié: Hà Nội : Khoa học và kỹ thuật, 2000.
Sujets:
Tags: Ajouter un tag
Pas de tags, Soyez le premier à ajouter un tag!
Thư viện lưu trữ: Mạng thư viện Đại học Đà Nẵng
LEADER 01389cam a2200385 a 4500
001 000046703
003 6208
005 20051014144126.0
008 010306b2000 vm 000 vie
020 |c 26000 
022 |a T 
040 |a IRC  |c IRC  |d IRC 
041 0 |a vie 
082 1 4 |a 621.381  |b DƯ-C 
100 1 |a Dương Tử Cường,  |c PTS. 
245 0 0 |a Lý thuyết mạch điện tử và tự động thiết kế mạch bằng máy tính /  |c Dương Tử Cường ; Đỗ Huy Giác hiệu đính. 
260 |a Hà Nội :  |b Khoa học và kỹ thuật,  |c 2000. 
300 |a 199tr. ;  |c 27cm. 
520 3 |a Tài liệu đưa ra một số phương pháp mới được sử dụng trong quá trình thiết kế mạch điện tử mà tập trung chủ yếu vào các mạch tích cực có chứa các đèn bán dẫn lưỡng cực, đèn bán dẫn trường, khuếch đại thuật toán... 
630 0 4 |a Điện tử. 
630 0 4 |a Mạch điện tử. 
630 0 4 |a Thiết kế mạch điện tử. 
650 0 4 |a Điện tử  |x Mạch. 
650 0 4 |a Điện tử  |x Thiết kế. 
700 1 |a Đỗ Huy Giác,  |c PGS-PTS. 
OWN |a DUT 
999 |a From the UDN01 
TYP |a Monograph 
TYP |a Printed language 
980 |a Mạng thư viện Đại học Đà Nẵng